000 00727nam a2200265Ia 4500
003 OSt
005 20220918164321.0
006 a|||||r|||| 00| 0
007 ta
008 220917b |||||||| |||| 00| 0 eng d
020 _a0521466415 (pbk)
024 _a188,665
037 _cTextual
040 _aARTS
_cARTS
_beng
041 _2eng
_aeng
082 _aP:(G:72), N9
100 _aObler Loraine K.
_918285
245 0 _aLanguage and the brain
260 _aCambridge
_bCambridge University Press
_c1999
300 _axviii, 206 p
_ccm.
650 _aLINGUISTICS
700 _a Gjerlow Krish
_918286
942 _hP:(G:72), N9
_cTEXL
_2CC
999 _c124226
_d124226